000 00640nam a2200205Ia 4500
005 20250923145023.0
008 008 250917s9999 xx 000 0 eng d
037 _aTextual
040 _aDSWL
_beng
_cDSWL
041 _aeng
_2eng
084 _aY72k25,N11, N11.2
_qDSWL
100 _aIbbetson, D.
_9830941
245 2 _aA glossary of the tribes and caste of Punjabi and north west frontier
_cby D. Ibbetson
260 _aLahore
_bCivili & Malitree Gazette Press
_c1911
300 _aviii,72 p.
365 _aINR
_b70
925 _g70
942 _cTEXL
_hY72k25,N11, N11.2
999 _c1446136
_d1446136